| 000 | 00410nam a2200133Ia 4500 | ||
|---|---|---|---|
| 008 | 231129s9999||||xx |||||||||||||| ||spa|| | ||
| 020 | _a958-04-5115-X | ||
| 040 | _bspa | ||
| 082 | _a305.26 M878d | ||
| 100 | _aMorrison Mary C. | ||
| 245 | 0 | _aDeja que llegue el crepúsculo o el arte de envejecer con sabiduría | |
| 264 | _aBogotá Colombia : Norma | ||
| 942 |
_2ddc _cBKS |
||
| 999 |
_c8880 _d8880 |
||